Top 15 des meilleurs marques de voitures au monde - Statistiques

Statistiques générales
  • Ce quiz a été pris 945 fois
  • Le résultat moyen est 7 sur 15
Statistiques - réponses
MARQUES Réponses % Correct
#3 BMW
88%
#9 Audi
87%
#1 Mercedes
87%
#8 Toyota
64%
#5 Porsche
63%
#11 Volkswagen
52%
#2 Tesla
46%
#14 Honda
44%
#13 Nissan
42%
#15 Chevrolet
31%
#10 Jaguar
21%
#6 Lexus
20%
#7 Land Rover
19%
#4 Rolls Royce
19%
#12 Jeep
16%
Aucun quiz correspondant
Distribution des résultats
% des personnes avec chaque résultat
Percentile par nombre de réponses
Votre historique - résultats
Vous n’avez pas pris ce quiz